00477 2200193 4500001002100000005001500021035002000036245003500056100001200091300002800103260003100131082000800162084001400170020002200184008004100206990001200247990001200259990001200271INLIS00000000000292120250911025717 a0010-09250002681 aIPS Ekonomi Kelas X /cAlam S.0 aAlam S. a268 hlm ;c17,5 x 25 cm aJakarta :bErlangga,c2024 a330 a330 ALA i a978-623-522-242-4250911 0  a0755314 a0755315 a0755316